000 00459nam a22001697a 4500
003 OSt
005 20250327111517.0
008 250204s2011 ag ||||| |||| 00| 1 spa d
020 _a9789870422891
040 _cbesoc
100 _aCortázar, Julio
_eautor
_d1914-1984
245 _aLa otra orilla /
_cJulio Cortázar
260 _aBuenos Aires :
_bAlfaguara,
_c2011
300 _a134 p.
650 4 _aLiteratura argentina
_vCuentos
_ySiglo XX
942 _2udc
_cOG
_n0
999 _c421
_d421